<?xml version="1.0" encoding="UTF-8"?><marc:collection xmlns:marc="http://www.loc.gov/MARC21/slim">
  <marc:record>
    <marc:leader>00000nam  2200000za 4500</marc:leader>
    <marc:controlfield tag="001">9.830423</marc:controlfield>
    <marc:controlfield tag="003">CaOODSP</marc:controlfield>
    <marc:controlfield tag="005">20221107145527</marc:controlfield>
    <marc:controlfield tag="007">cr |||||||||||</marc:controlfield>
    <marc:controlfield tag="008">170111s1931    oncb   #os   f000 0 fre d</marc:controlfield>
    <marc:datafield tag="040" ind1=" " ind2=" ">
      <marc:subfield code="a">CaOODSP</marc:subfield>
      <marc:subfield code="b">fre</marc:subfield>
    </marc:datafield>
    <marc:datafield tag="041" ind1=" " ind2=" ">
      <marc:subfield code="a">eng</marc:subfield>
      <marc:subfield code="a">fre</marc:subfield>
    </marc:datafield>
    <marc:datafield tag="043" ind1=" " ind2=" ">
      <marc:subfield code="a">n-cnp--</marc:subfield>
    </marc:datafield>
    <marc:datafield tag="045" ind1=" " ind2=" ">
      <marc:subfield code="a">x2x2</marc:subfield>
    </marc:datafield>
    <marc:datafield tag="086" ind1="1" ind2=" ">
      <marc:subfield code="a">CS98-1926-PDF</marc:subfield>
      <marc:subfield code="z">CS98-1926 F</marc:subfield>
    </marc:datafield>
    <marc:datafield tag="245" ind1="0" ind2="0">
      <marc:subfield code="a">Census of Prairie Provinces, 1926 </marc:subfield>
      <marc:subfield code="h">[ressource électronique] : </marc:subfield>
      <marc:subfield code="b">population and agriculture, Manitoba, Saskatchewan, Alberta </marc:subfield>
    </marc:datafield>
    <marc:datafield tag="246" ind1="1" ind2="5">
      <marc:subfield code="a">Recensement des Provinces des Prairies, 1926 : </marc:subfield>
      <marc:subfield code="b">population et agriculture, Manitoba, Saskatchewan, Alberta</marc:subfield>
    </marc:datafield>
    <marc:datafield tag="260" ind1=" " ind2=" ">
      <marc:subfield code="a">Ottawa : </marc:subfield>
      <marc:subfield code="b">[Bureau fédéral de la statistique], </marc:subfield>
      <marc:subfield code="c">1931 </marc:subfield>
      <marc:subfield code="f">(F.A. Acland, Printer to the King's Most Excellent Majesty)</marc:subfield>
    </marc:datafield>
    <marc:datafield tag="300" ind1=" " ind2=" ">
      <marc:subfield code="a">cxcvi, 779 p., [3] p.  : </marc:subfield>
      <marc:subfield code="b">cartes en coul.</marc:subfield>
    </marc:datafield>
    <marc:datafield tag="500" ind1=" " ind2=" ">
      <marc:subfield code="a">Publication historique numérisée de l'imprimé [par Statistique Canada]. </marc:subfield>
    </marc:datafield>
    <marc:datafield tag="500" ind1=" " ind2=" ">
      <marc:subfield code="a">Titre de la p. de t. addit. : Recensement des Provinces des Prairies, 1926 : population et agriculture, Manitoba, Saskatchewan, Alberta.</marc:subfield>
    </marc:datafield>
    <marc:datafield tag="520" ind1=" " ind2=" ">
      <marc:subfield code="a">« Le recensement des Provinces des Prairies, effectué le premier juin 1926, était le onzième pour le Manitoba depuis que cette province fut tailiée à même le territoire acquis de la Compagnie de la Baie d'Hudson en 1870, et le cinquième pour les provinces de Saskatchewan et d'Alberta depuis qu'elles ont obtenu leur status provincial par I'adoption des lois dites de Saskatchewan et d'Alberta de 1905. Le recensement des Provinces des Prairies de 1926 fut effectué en vertu de la Loi de la Statistique de 1918, qui était une codification des lois adoptées antérieurement concernant la statistique. La Loi stipule "qu'un recensement de la population et de I'agriculture des provinces du Manitoba, de Saskatchewan et d'Alberta sera fait par le Bureau, sous la direction du Ministre, à une date dans le mois de juin de I'année mil neuf cent vingt-six, qui sera fixée par le Gouverneur en Conseil, et chaque dixième année apres cette date". Le but premier d'un recensement quinquennal du Manitoba, de la Saskatchewan et de I'Alberta, est d'établir une base pour la fixation d'une allocation per capita annuelle payable par le Gouvernement fédéral à ces provinces. ... Les statistiques concernant le recensement des Provinces des Prairies de 1926 ont été publiées d'abord en trois rapports distincts, soit un pour chacune des trois provinces du Manitoba, de Saskatchewan et d'Alberta, dès que fut achevé le travail de compilation concernant la population et I'agrciulture. ... Aujourd'hui ces rapports sont contenus en un seul volume avec introduction générale où sont résumées les plus importantes phases ayant trait à la statistiuqe de la population et à celle de I'agriculture pour les trois provinces réunies »--Introd.</marc:subfield>
    </marc:datafield>
    <marc:datafield tag="546" ind1=" " ind2=" ">
      <marc:subfield code="a">Texte en anglais et en français. Texte en français suit le texte anglais. </marc:subfield>
    </marc:datafield>
    <marc:datafield tag="692" ind1="0" ind2="7">
      <marc:subfield code="2">gccst</marc:subfield>
      <marc:subfield code="a">Rencensement</marc:subfield>
    </marc:datafield>
    <marc:datafield tag="692" ind1="0" ind2="7">
      <marc:subfield code="2">gccst</marc:subfield>
      <marc:subfield code="a">Agriculture</marc:subfield>
    </marc:datafield>
    <marc:datafield tag="710" ind1="1" ind2=" ">
      <marc:subfield code="a">Canada. </marc:subfield>
      <marc:subfield code="b">Bureau fédéral de la statistique.</marc:subfield>
    </marc:datafield>
    <marc:datafield tag="791" ind1=" " ind2=" ">
      <marc:subfield code="t">Census of Prairie Provinces, 1926 </marc:subfield>
      <marc:subfield code="e">eng</marc:subfield>
      <marc:subfield code="w">(CaOODSP)9.830420</marc:subfield>
    </marc:datafield>
    <marc:datafield tag="794" ind1=" " ind2=" ">
      <marc:subfield code="t">Census of the Prairie Provinces, 1936 </marc:subfield>
      <marc:subfield code="w">(CaOODSP)9.833289</marc:subfield>
    </marc:datafield>
    <marc:datafield tag="795" ind1=" " ind2=" ">
      <marc:subfield code="t">Population et agriculture </marc:subfield>
      <marc:subfield code="w">(CaOODSP)9.832075</marc:subfield>
    </marc:datafield>
    <marc:datafield tag="856" ind1="4" ind2="0">
      <marc:subfield code="q">PDF</marc:subfield>
      <marc:subfield code="s">67.14 Mo</marc:subfield>
      <marc:subfield code="u">https://publications.gc.ca/collections/collection_2017/statcan/CS98-1926.pdf</marc:subfield>
    </marc:datafield>
  </marc:record>
</marc:collection>
